000
00486nam a2200145Ia 4500
008
090122s9999 xx 000 0 und d
082
_b
6560
_a
891.4684
100
_a
भोसले
_b
यशोधरा
245
_a
अपूर्व अलौकिक एकमेव
600
_a
भोसले
630
_a
अपूर्व अलौकिक एकमेव
700
_a
भोसले
730
_a
अपूर्व अलौकिक एकमेव
942
_c
BOOK
999
_c
30637
_d
30637